00722nam a2200241 a 4500001001300000003000900013005001700022008004100039020001100080082001600091100001800107245007000125260004100195300000900236500003500245505001500280650002300295700001800318902000800336942000700344952011400351999001500465nice12345678IN_TiNIC20260116011748.0050524s1972 newa grp 000 0 eng  ac24.500a954.92bMAN aMankekar, D R aPakistan Cut to Sizeb Authentic Story of the 14-Day Indo-Pak War aNew DelhibIndian Book Companyc1972 a175p aincludes index and biblioraphy2 aIll, Index aBangladesh-History1 aMankekar, D R bSRS cBK 001040708StackRoom-aHMIbHMId2007-04-12g24.50l0o954.92 MANp06833r2007-04-12v24.50w2005-05-24yBK c3764d3764